banner-ar

THE BATTLE FOR SARAJEVO : (Record no. 9564)

MARC details
000 -الفاتح
حقل البيانات ثابتة الطول 00573nam a2200205Ia 4500
008 - عناصر البيانات ثابتة الطول - معلومات عامة
حقل البيانات ثابتة الطول 140319s9999 xx 000 0 eng d
020 ## - الرقم الدولى المعيارى للكتب
الرقم الدولى المعيارى للكتاب 9958933217
040 ## - مصدر الفهرسة
وكالة الفهرسة الأصلية GCL /
وكالة النسخ GCL
082 04 - رقم تصنيف ديوى العشرى
رقم التصنيف 355.4
رقم المادة L B
100 1# - المدخل الرئيسى - إسم شخصى
الإسم الشخصى LUCAREVIC, KERIM
245 10 - بيان العنوان
العنوان THE BATTLE FOR SARAJEVO :
بقية العنوان SENTENCED TO VICTORY /
بيان المسئوليه,etc LUCAREVIC, KERIM
260 ## - PUBLICATION, DISTRIBUTION, ETC. (IMPRINT)
تاريخ النشر أو التوزيع 2000
300 ## - الوصف المادى
التعداد 21 CM ؛
أبعاد الوعاء 301 P
650 04 - المدخل الاضافى بالموضوع-مصطلح موضوعى
مصطلح موضوعي WAR CRIMES
650 04 - المدخل الاضافى بالموضوع-مصطلح موضوعى
مصطلح موضوعي YUGOSLAV WAR, 1991 - BOSNIA AND HERCEGOVINA
650 04 - المدخل الاضافى بالموضوع-مصطلح موضوعى
مصطلح موضوعي YUGOSLAVIA - HISTORY
650 04 - المدخل الاضافى بالموضوع-مصطلح موضوعى
مصطلح موضوعي SARAJEVO WAR
942 ## - عناصر المدخل الإضافي( كوها)
مصدر التصنيف او مخطط الترفيف Dewey Decimal Classification
Koha [default] item type كتاب
260 ## - PUBLICATION, DISTRIBUTION, ETC. (IMPRINT)
-- [S.N] :
-- TZU ،
Holdings
حالة التراجع حالة الفقد حالة تلف ليس للاعارة المكان المؤقت الموقع الحالى تاريخ الاكتساب اجمالي اﻻعارات رقم الطلب الباركود تاريخ اخر مشاهدة تاريخ تفعيل السعر نوع وعاء كوها
        مكتبة القاهرة الكبرى مكتبة القاهرة الكبرى 03/26/2014   355.4\L B 19894 03/26/2014 03/26/2014 كتاب

Powered By

EGPV